| Tag |
First Indicator |
Second Indicator |
Subfields |
| LEADER |
00000cam a2200000 a 4500 |
| 001 |
in00000016495 |
| 005 |
20151007052804.0 |
| 008 |
870901s1988 nyu b 00010 eng |
| 010 |
|
|
|a 87040299
|
| 020 |
|
|
|a 0670819565
|
| 035 |
|
|
|a (OCoLC)16714393
|
| 035 |
|
|
|9 AAA9185AM
|
| 040 |
|
|
|a DLC
|c DLC
|d TXA
|d UtOrBLW
|
| 049 |
|
|
|a TXAM
|c [A11069103]
|
| 050 |
0 |
0 |
|a PS3553.O655
|b W47 1988
|
| 082 |
0 |
|
|a 811/.54
|2 19
|
| 100 |
1 |
|
|a Corn, Alfred,
|d 1943-
|
| 245 |
1 |
4 |
|a The west door :
|b poems /
|c by Alfred Corn.
|
| 264 |
|
1 |
|a New York, N.Y., U.S.A. :
|b Viking,
|c 1988.
|
| 300 |
|
|
|a x, 75 pages ;
|c 24 cm.
|
| 336 |
|
|
|a text
|b txt
|2 rdacontent
|
| 337 |
|
|
|a unmediated
|b n
|2 rdamedia
|
| 338 |
|
|
|a volume
|b nc
|2 rdacarrier
|
| 504 |
|
|
|a Bibliography: pages 73-75.
|
| 999 |
|
|
|a MARS
|
| 999 |
f |
f |
|s 231b9095-c5b3-3c7b-b472-6f1b251370df
|i f1b9a943-e3c4-3034-a104-e5a43505641c
|t 0
|
| 952 |
f |
f |
|p ric
|a Texas A&M University
|b Rellis Campus
|c Joint Library Facility
|d Remote Storage
|t 0
|e PS3553.O655 W47 1988
|h Library of Congress classification
|i unmediated -- volume
|m A14811069103
|
| 998 |
f |
f |
|a PS3553.O655 W47 1988
|t 0
|l Remote Storage
|